Kadra reprezentacji Argentyny - MŚ 2014 - Statystyki

Ogólne statystyki
  • Ten quiz został rozwiązany 37 razy
  • Średni wynik to 10 z 24
Statystyki odpowiedzi
Nr Zawodnik Poz % Poprawnych
10 Lionel Messi NA
100%
7 Ángel Di María PO
94%
9 Gonzalo Higuaín NA
88%
14 Javier Mascherano PO
82%
20 Sergio Agüero NA
82%
1 Sergio Romero BR
76%
22 Ezequiel Lavezzi NA
53%
16 Marcos Rojo OB
47%
4 Pablo Zabaleta OB
44%
15 Martín Demichelis OB
38%
13 Augusto Fernández PO
26%
17 Federico Fernández OB
26%
11 Maxi Rodríguez PO
26%
8 Enzo Pérez PO
21%
2 Ezequiel Garay OB
21%
5 Fernando Gago PO
21%
6 Lucas Biglia PO
21%
18 Rodrigo Palacio NA
21%
21 Mariano Andújar BR
18%
19 Ricardo Álvarez PO
18%
3 Hugo Campagnaro OB
12%
# Alejandro Sabella Trener
9%
12 Agustín Orión BR
6%
23 José María Basanta OB
3%
Nie znaleziono quizów pasujących do podanych kryteriów
Rozkład punktacji
Procent ludzi z każdym wynikiem
Percentyl według liczby udzielonych odpowiedzi
Twoja historia wyników
Nie rozwiązałeś tego quizu